000 00667nam a2200241Ia 4500
005 20250508164544.0
008 008 250505s9999 xx 000 0 eng d
020 _a1-85346-110-5
037 _aTextual
040 _aFEDL
_beng
_cFEDL
041 _aeng
_2eng
084 _a370.7, AIN
_qFEDL
100 _aAinscow Mel
_9622663
245 0 _aSpecial needs in the classroom : A teacher education guide
245 0 _cUNESCO
260 _aLondon, UK
_bJessica Kingsley Publishers
_c1994
300 _avi,225p.
365 _aFF
_b150
546 _aMACESE
650 _aTeacher education
942 _cTEXL
_h370.7, AIN
999 _c1389772
_d1389772